000 01310nam0a22002771 4500
001 rc\3542409
005 20130115144511.0
021 _aRU
_b[73-10013]
035 _a(NLR Aleph) 007670306
090 _a6426712
_c6426712
100 _a20130115d1972 |||y0rusy50 ca
101 0 _arus
102 _aRU
105 _ay z |||||
200 1 _aВопросы интенсификации сельскохозяйственного производства
_e[Материалы конф. 14-17 марта 1972 г.
_fРед. коллегия: Н.В. Агафонов и др.]
_gМ-во сел. хоз-ва СССР. Моск. с.-х. акад. им. К.А. Тимирязева
210 _aМосква
_cБ. и.
_d1972
215 _a226 с.
_d21
320 _aСписки лит. в конце докл.
606 _aСельское хозяйство
_xИнтенсификация
_jСборники
_2psbo
702 1 _aАгафонов
_bН. В.
_gНиколай Васильевич
_4340
712 0 2 _aРоссийская сельскохозяйственная академия им. К. А. Тимирязева
_bНаучная конференция
_d2
_f1972
_3RU\NLR\AUTH\8810071950
801 0 _aRU
_bNLR
_gpsbo
801 1 _aRU
_bELAR
_2rusmarc
852 _aNLR
_j73-5/70
942 _cBOOK
980 _aNB